| 000 | 00454nam a2200181Ia 4500 | ||
|---|---|---|---|
| 005 | 20250423101453.0 | ||
| 008 | 250422s9999 xx 000 0 und d | ||
| 020 | _a9781614272571 | ||
| 050 | _aHB 175 .W43/ | ||
| 100 | _aWeber, Max | ||
| 245 | 4 | _aThe theory of social and economic organization | |
| 260 | _aNew York | ||
| 260 | _bThe Falcon’s Wing Press | ||
| 260 | _c2012 | ||
| 300 | _a436 p | ||
| 650 | _aEconomics. Sociology. | ||
| 942 | _cBK | ||
| 999 |
_c36385 _d36385 |
||